书目信息 |
| 题名: |
列宁文稿
|
|
| 作者: | 列宁 著 ;中共中央马、恩、列、斯著作编译局 译 | |
| 分册: | 第十六卷 | |
| 出版信息: | 北京 人民出版社 |
|
| 页数: | 954页 | |
| 开本: | 21cm | |
| 丛书名: | ||
| 单 册: | ||
| 中图分类: | A21 | |
| 科图分类: | ||
| 主题词: | 列宁著作--选集 , 列宁著作--文集 | |
| 电子资源: | ||
| ISBN: | 7-01-000243-6 | |
| 000 | 00695nam0 2200217 45 | |
| 001 | 0404211077 | |
| 005 | 20040421104720.1 | |
| 010 | @a7-01-000243-6@b精装@dCNY17.30 | |
| 100 | @a20040421d km y0chiy0120 ea | |
| 101 | 0 | @achi |
| 105 | @a z 000yy | |
| 200 | 1 | @a列宁文稿@h第十六卷@ALie Ning Wen Gao@f列宁著@FLie Ning Zhu@g中共中央马、恩、列、斯著作编译局译 |
| 210 | @a北京@c人民出版社 | |
| 215 | @a954页@d21cm | |
| 606 | 0 | @a列宁著作@x选集 |
| 606 | 0 | @a列宁著作@x文集 |
| 690 | @aA21@v3 | |
| 701 | 0 | @a列宁@4著 |
| 712 | 02 | @a中共中央马、恩、列、斯著作编译局@AZhong Gong Zhong Yang Ma、En、Lie、Si Zhu Zuo Bian Yi Ju@4译 |
| 801 | @aCN@bPftUser@c20040421 | |
| 905 | @f1@b253721@dA21@e2:16 | |
| 列宁文稿.第十六卷/列宁著/中共中央马、恩、列、斯著作编译局译.-北京:人民出版社 |
| 954页;21cm |
| ISBN 7-01-000243-6(精装):CNY17.30 |
| ● |
| 相关链接 |
|
|
|
|
正题名:列宁文稿
索取号:A21/2:16
 
预约/预借
| 序号 | 登录号 | 条形码 | 馆藏地/架位号 | 状态 | 备注 |
| 1 | 0253721 | 000949718 | 第一样本阅览室/ [索取号:A21/2:16] | 在馆 | |
| 2 | 0253722 | 000949576 | 第一借阅区/ [索取号:A21/2:16] | 在馆 |